[Event "SVK-ch Rapid"]
[Site "Podbanske"]
[Date "2023.09.30"]
[Round "3"]
[White "Turcan, Richard"]
[Black "Hagarova, Zuzana"]
[Result "1/2-1/2"]
[WhiteElo "2402"]
[BlackElo "2290"]
[PlyCount "71"]
[EventDate "2023.09.30"]
[EventType "tourn (rapid)"]
[EventRounds "10"]
[EventCountry "SVK"]
[SourceTitle "EXT 2024"]
[Source "ChessBase"]
[SourceDate "2023.10.10"]
[SourceVersion "1"]
[SourceVersionDate "2023.10.10"]
[SourceQuality "1"]

1. e4 c5 2. Nf3 Nc6 3. d4 cxd4 4. Nxd4 g6 5. c4 Bg7 6. Be3 Nf6 7. Nc3 0-0 8. Be2 d6 9. f3 Bd7 10. Qd2 Nxd4 11. Bxd4 Bc6 12. h4 a5 13. h5 a4 14. Nd5 e5 15. Bb6 Qd7 16. Nxf6+ Bxf6 17. 0-0-0 Rfc8 18. Kb1 Ra6 19. c5 Rxb6 20. cxb6 Rd8 21. Bc4 Bg7 22. hxg6 hxg6 23. Qg5 Kf8 24. Rh7 Rc8 25. Rdh1 Bxe4+ 26. fxe4 Rxc4 27. Rh8+ Bxh8 28. Rxh8+ Kg7 29. Qh6+ Kf6 30. Qh4+ Ke6 31. Qg4+ Ke7 32. Qg5+ Ke6 33. Qg4+ Ke7 34. Qh4+ Ke6 35. Qh3+ Ke7 36. Qh4+ 1/2-1/2

[Event "Kezmarok op"]
[Site "Kezmarok"]
[Date "2022.09.30"]
[Round "8"]
[White "Hagarova, Zuzana"]
[Black "Bazakutsa, Svyatoslav"]
[Result "1/2-1/2"]
[WhiteElo "2287"]
[BlackElo "2182"]
[PlyCount "87"]
[EventDate "2022.09.24"]
[EventType "swiss"]
[EventRounds "9"]
[EventCountry "SVK"]
[SourceTitle "CBM 210 Extra"]
[Source "ChessBase"]
[SourceDate "2022.11.30"]
[SourceVersion "1"]
[SourceVersionDate "2022.11.30"]
[SourceQuality "1"]

1. e4 c6 2. d4 d5 3. exd5 cxd5 4. c4 Nf6 5. Nc3 Nc6 6. Nf3 g6 7. cxd5 Nxd5 8. Qb3 Nxc3 9. bxc3 Bg7 10. Be2 0-0 11. Bf4 Na5 12. Qb4 b6 13. 0-0 Bb7 14. Rfe1 e6 15. Rad1 Qd5 16. c4 Qe4 17. Qd2 Rfd8 18. Bf1 Qc6 19. Bh6 Nxc4 20. Qf4 Rd5 21. Bxg7 Kxg7 22. Bxc4 Qxc4 23. Rc1 Qb4 24. Ne5 Qe7 25. Rc3 Rad8 26. Rd1 h5 27. h4 Rc8 28. Rdc1 Rdd8 29. R1c2 Rxc3 30. Rxc3 Rf8 31. g3 Qb4 32. Rc1 Qb5 33. f3 Kg8 34. Rc7 Qb1+ 35. Kg2 Qxa2+ 36. Kg1 Qb1+ 37. Kh2 Qb2+ 38. Kh1 Qb1+ 39. Kh2 Ba6 40. Rxf7 Rc8 41. Rg7+ Kxg7 42. Qf7+ Kh6 43. Qf4+ Kg7 44. Qf7+ 1/2-1/2

[Event "Olympiad Women-44"]
[Site "Chennai"]
[Date "2022.08.07"]
[Round "9.3"]
[White "Hagarova, Zuzana"]
[Black "Milliet, Sophie"]
[Result "1/2-1/2"]
[WhiteElo "2293"]
[BlackElo "2396"]
[PlyCount "56"]
[EventDate "2022.07.29"]
[EventType "team-swiss"]
[EventRounds "11"]
[EventCountry "IND"]
[SourceTitle "CBM 210"]
[Source "ChessBase"]
[SourceDate "2022.10.31"]
[SourceVersion "1"]
[SourceVersionDate "2022.10.31"]
[SourceQuality "1"]
[WhiteTeam "Slovakia (W)"]
[BlackTeam "France (W)"]
[WhiteTeamCountry "SVK"]
[BlackTeamCountry "FRA"]

1. e4 e5 2. Nf3 Nc6 3. Bb5 a6 4. Ba4 Nf6 5. 0-0 b5 6. Bb3 Bc5 7. c3 d6 8. d3 h6 9. Be3 0-0 10. Nbd2 Rb8 11. h3 Bxe3 12. fxe3 Be6 13. Qe2 a5 14. d4 a4 15. Bc2 Bd7 16. a3 Qe7 17. Rae1 Na5 18. Qf2 Nc4 19. Rb1 Bc6 20. Rfe1 Rfe8 21. Nxc4 bxc4 22. Nd2 Bb5 23. Nf3 Rb6 24. Qg3 Nh5 25. Qg4 Nf6 26. Qg3 Nh5 27. Qg4 Nf6 28. Qg3 Nh5 1/2-1/2